[Event "FRA-ch U16 Girls"]
[Site "Montbeliard"]
[Date "2014.04.20"]
[Round "1"]
[White "Bernardon, Pauline"]
[Black "Auvray, Honorine"]
[Result "0-1"]
[WhiteElo "1473"]
[BlackElo "1966"]
[PlyCount "78"]
[EventDate "2014.04.20"]
[EventType "swiss"]
[EventRounds "9"]
[EventCountry "FRA"]
[SourceTitle "CBM 160 Extra"]
[Source "ChessBase"]
[SourceDate "2014.07.01"]
[SourceVersion "1"]
[SourceVersionDate "2014.07.01"]
[SourceQuality "1"]

1. e4 c5 2. Nf3 e6 3. d4 cxd4 4. Nxd4 a6 5. c4 Nf6 6. Bd3 Qc7 7. Qc2 Nc6 8. Nxc6 dxc6 9. h3 e5 10. Be3 Nd7 11. c5 Qa5+ 12. Nd2 Bxc5 13. Bxc5 Nxc5 14. 0-0 Nxd3 15. Qxd3 Be6 16. Nf3 Rd8 17. Qe3 f6 18. a3 0-0 19. Nh4 Qd2 20. Qb6 Qf4 21. Nf3 Qxe4 22. Qxb7 Rb8 23. Qxa6 Bc4 24. Qa4 Ra8 25. Qb4 Rfb8 26. Rfe1 Qd5 27. Qc3 Rb3 28. Qd2 Rd8 29. Rad1 Rd3 30. Qxd3 Bxd3 31. Re3 e4 32. Ne1 Qb3 33. Rd2 f5 34. f4 Qb6 35. Kf2 Rd5 36. Nxd3 Rxd3 37. Rdxd3 exd3 38. Kf3 d2 39. Rd3 Qxb2 0-1

[Event "FRA-chT U20"]
[Site "Lille"]
[Date "2013.12.08"]
[Round "3.1"]
[White "Auvray, Honorine"]
[Black "Bellahcene, Bilel"]
[Result "1/2-1/2"]
[WhiteElo "1922"]
[BlackElo "2311"]
[PlyCount "140"]
[EventDate "2013.12.07"]
[EventType "team-match"]
[EventRounds "5"]
[EventCountry "FRA"]
[SourceTitle "EXT 2015"]
[Source "ChessBase"]
[SourceDate "2014.11.20"]
[SourceVersion "1"]
[SourceVersionDate "2014.11.20"]
[SourceQuality "1"]

1. e4 c5 2. Nf3 Nc6 3. d4 cxd4 4. Nxd4 Nf6 5. Nc3 e5 6. Ndb5 d6 7. Na3 Be7 8. Be2 Be6 9. Bg5 0-0 10. Bxf6 Bxf6 11. Nc4 Nd4 12. Ne3 Rc8 13. 0-0 Bg5 14. Bd3 g6 15. Ncd5 Kh8 16. c3 Nc6 17. Bc4 Na5 18. Bb3 Nxb3 19. axb3 a6 20. c4 Bh6 21. Qd3 f5 22. f3 Qh4 23. Rad1 Rf7 24. b4 f4 25. Nc2 g5 26. h3 Bf8 27. Rf2 h5 28. Kf1 g4 29. hxg4 hxg4 30. Ke2 Rh7 31. b3 Qg3 32. Rdf1 Rh2 33. Ne1 Bh6 34. Kd2 Kg7 35. Kc2 b5 36. Kb2 bxc4 37. bxc4 Bg5 38. Rc2 Rhh8 39. fxg4 Qxd3 40. Nxd3 Bxg4 41. Ra1 Rh2 42. Nb6 Rc7 43. Rxa6 f3 44. gxf3 Rxc2+ 45. Kxc2 Bxf3 46. Kb3 Bxe4 47. Nf2 Bb7 48. Nd5 Rf7 49. Ra2 Rf3+ 50. Ka4 Bxd5 51. cxd5 Be7 52. Kb5 Rf4 53. Rd2 Kf6 54. Rb2 e4 55. Kc6 e3 56. Nd1 Re4 57. Nxe3 Rxe3 58. b5 Bd8 59. b6 Bxb6 60. Rxb6 Ke5 61. Kd7 Ra3 62. Rb5 Ra6 63. Kc7 Ra2 64. Kd7 Rd2 65. Kc6 Rd3 66. Ra5 Rc3+ 67. Kd7 Rc5 68. Rxc5 dxc5 69. d6 c4 70. Ke7 c3 1/2-1/2